| 000 -LEADER |
| fixed length control field |
00617nam a22001337a 4500 |
| 040 ## - CATALOGING SOURCE |
| Transcribing agency |
RUA |
| 082 ## - DEWEY DECIMAL CLASSIFICATION NUMBER |
| Classification number |
AGR TOU 2002 B028 Or.1 |
| 100 ## - MAIN ENTRY--AUTHOR NAME |
| Personal name |
TOYCH, VEASNA. |
| 245 ## - TITLE STATEMENT |
| Title |
Response of maize ( zea mays) to liming and phosphorus application on acid soil ការឆ្លើយតបនៃដំណាំពោតទៅនឹងការដាក់ជីផូស្វ័រ និងកំបោរនៅលើដីអាស៊ីត |
| 260 ## - PUBLICATION, DISTRIBUTION, ETC. (IMPRINT) |
| Place of publication |
Phnom Penh |
| Name of publisher |
RUA |
| Year of publication |
2002 |
| 300 ## - PHYSICAL DESCRIPTION |
| Number of Pages |
55p. |
| Other physical details |
ill. |
| Dimensions |
29cm. |
| 856 ## - ELECTRONIC LOCATION AND ACCESS |
| Uniform Resource Identifier |
https://drive.google.com/file/d/1-YGILBISsBeXXkpIjUvpppOnnypRA_Gw/view?usp=sharing |
| 942 ## - ADDED ENTRY ELEMENTS (KOHA) |
| Koha item type |
AGR |
| 952 ## - LOCATION AND ITEM INFORMATION (KOHA) |
| Withdrawn status [LOCAL, KOHA] |
0 |
| 952 ## - LOCATION AND ITEM INFORMATION (KOHA) |
| Withdrawn status [LOCAL, KOHA] |
0 |
| 952 ## - LOCATION AND ITEM INFORMATION (KOHA) |
| Withdrawn status [LOCAL, KOHA] |
0 |
| 952 ## - LOCATION AND ITEM INFORMATION (KOHA) |
| Withdrawn status [LOCAL, KOHA] |
0 |